| 000 | 00457nam a22001577a 4500 | ||
|---|---|---|---|
| 008 | 230926t |||||||| |||| 00| 0 eng d | ||
| 020 | _a9780072479874 | ||
| 050 |
_aQA 76.9 .C66A56 2002 _bC.1 |
||
| 100 | _aSchellenberg, Kathryn | ||
| 245 | _aComputers in society | ||
| 260 |
_aGuilford, CT _bMcGraw-Hill/Dushkin _c2002 |
||
| 300 | _ax, 229p.:ill. | ||
| 500 | _aIncludes index | ||
| 650 | _a1. Computers and civilization 2. Computers | ||
| 942 |
_2lcc _cBK |
||
| 999 |
_c207335 _d207335 |
||